000 00735nas a2200241 4500
001 BR0601500
003 BR-BrBNA
005 20231205105928.0
007 ta
008 230509b bl.|||p| |||| 00| 00por d
040 _aBR-BrBNA
_bpor
_cBiblioteca Nacional de Agricultura
041 _a(Pt)
072 _aF04
100 1 _aParaíba, L.C.
100 1 _aSaito, M.L.
245 1 _aDistribuição ambiental de poluentes orgânicos encontrados em lodos de esgoto
650 _aLODO RESIDUAL
650 _aPOLUENTE
650 _aFERTILIZANTE
773 0 _tPesquisa Agropecuária Brasileira (Brazil)
_xISSN 0100-204X
_g(Sep 2005), v. 40(9) p. 853-860
_wBR0601500
909 _a202311
_bLúcia
_c55
_dLúcia Elande
942 _2AGRIS
_n0
_cANA
999 _c185405
_d185405